Easy Mode 1! Quiz Stats

 Plays Quiz not verified by Sporcle

Challenge
Share
Tweet
Embed
Score 0/11 Timer 01:30
0 Plays Today
Achievements % Correct
Play This Quiztype '5' !!
100%
50 %000
95.2%
10 %5
92.9%
20 %291
92.9%
30 %228
92.9%
40 %253
92.9%
60 %163
92.9%
70 %193
92.9%
80 %992
92.9%
90 %404
92.9%
100 %224
92.9%

You're not logged in!

Compare scores with friends on all Sporcle quizzes.
Join for Free
OR
Log In

You Might Also Like...

Show Comments

Extras

Created Mar 28, 2013ReportNominate
Tags:Numbers Quiz, numerical

Top Quizzes Today


Score Distribution

Your Account Isn't Verified!

In order to create a playlist on Sporcle, you need to verify the email address you used during registration. Go to your Sporcle Settings to finish the process.

Report this User

Report this user for behavior that violates our Community Guidelines.

Details: